000 00306nam a2200121Ia 4500
008 240109s9999 xx 000 0 und d
041 _aeng
100 _aBrown Dennis E.
245 _aRFID Implementation
260 _bTata Mccraow Hill Pub. Co. Lim. New Delhi
300 _a473
650 _aManagement
999 _c1034828
_d1034828